000 00715nam a2200193 a 4500
008 120416s1988 ||||||||||||||||| || u
020 _a0070365083
050 _aHF 5635 Lar
100 _aMosich, A. N
245 1 0 _aModern advanced accounting. (4th ed.)
250 _a4th ed.
260 _aNew York :
_bMcGraw-Hill
_c1988
300 _axx, 1002p. : ill.
350 _a0.00
500 _aRev. ed. of: Modern advanced accounting / A.N. Mosich, E. John Larsen. 3rd ed. 1983.
650 0 _aACCOUNTING--HANDBOOKS, MANUALS, ETC
700 _aLarsen, E. John
995 _D0.00
_FCBU-MAIN LIBRARY (Kitwe)
_H1
_I35.00
_UAVAILABLE
_ZAnnex Low-Usage Collection
999 _c51402
_d51402